| 000 | 00747nam a22001577a 4500 | ||
|---|---|---|---|
| 003 | OSt | ||
| 005 | 20150922150518.0 | ||
| 008 | 150922b xxu||||| |||| 00| 0 eng d | ||
| 040 | _cRUA | ||
| 082 | _aAGR CHH 2010 B046 Or.1 | ||
| 100 |
_91122 _aCHHORN SOPHORN |
||
| 245 | _aEffect of hill spacing onir 66 and tronung rice varietesin kriang yov commune, saang district, kandal province ឥទ្ធិពលចន្លោះគុម្ពលើពូជស្រូវអ៊ីអ៊ែ៦៦ និងពូជស្រូវទ្រនុង នៅឃុំក្រាំងយ៉ូវ ស្រុកស្អាង ខេត្តកណ្តាល | ||
| 260 |
_aPhnom penh _bRUA _c2010 |
||
| 300 |
_aix, 52p. _bill. _c29cm. |
||
| 942 |
_2ddc _cAGR |
||
| 999 |
_c1074 _d1074 |
||